[Event "Mirandola Giovanni Pico 3rd"]
[Site "Mirandola"]
[Date "2010.01.15"]
[Round "1"]
[White "Garofalo, Sergio"]
[Black "Sciortino, Massimo"]
[Result "0-1"]
[WhiteElo "1807"]
[BlackElo "2181"]
[PlyCount "72"]
[EventDate "2010.01.15"]
[EventType "swiss"]
[EventRounds "5"]
[EventCountry "ITA"]
[SourceTitle "EXT 2024"]
[Source "ChessBase"]
[SourceDate "2023.10.10"]
[SourceVersion "1"]
[SourceVersionDate "2023.10.10"]
[SourceQuality "1"]

1. d4 g6 2. e4 Bg7 3. c3 d6 4. Bc4 Nf6 5. Qc2 0-0 6. h3 Nc6 7. Bd3 e5 8. d5 Ne7 9. Ne2 Nd7 10. Ng3 Nc5 11. Bc4 Qe8 12. b4 Nd7 13. Bd3 c6 14. c4 cxd5 15. cxd5 Nxd5 16. exd5 e4 17. Be2 Bxa1 18. Nc3 f5 19. 0-0 Bxc3 20. Qxc3 f4 21. Bb2 Nf6 22. Nh1 Bf5 23. g4 fxg3 24. fxg3 Rc8 25. Qe3 Nxd5 26. Qh6 Nc3 27. Kh2 Qe5 28. Bd1 d5 29. Bb3 Be6 30. Rxf8+ Rxf8 31. Qd2 Rf3 32. Bd1 Rd3 33. Qe1 d4 34. Be2 Re3 35. Bxc3 Rxc3 36. a4 Rc2 0-1

[Event "Modena Province-ch"]
[Site "Modena"]
[Date "2009.12.12"]
[Round "4"]
[White "Sciortino, Massimo"]
[Black "Farachi, Francesco"]
[Result "1/2-1/2"]
[WhiteElo "2179"]
[BlackElo "2103"]
[PlyCount "92"]
[EventDate "2009.12.11"]
[EventType "swiss"]
[EventRounds "5"]
[EventCountry "ITA"]
[SourceTitle "EXT 2012"]
[Source "ChessBase"]
[SourceDate "2011.11.24"]
[SourceVersion "1"]
[SourceVersionDate "2011.11.24"]
[SourceQuality "1"]

1. e4 e5 2. Nf3 Nf6 3. Nxe5 d6 4. Nf3 Nxe4 5. Nc3 Nxc3 6. dxc3 Be7 7. Bf4 Nc6 8. Qd2 Bg4 9. Be2 Qd7 10. 0-0-0 0-0-0 11. h3 Bh5 12. Kb1 Kb8 13. Rhe1 Rhe8 14. g4 Bg6 15. Bb5 h5 16. Ne5 dxe5 17. Qxd7 Rxd7 18. Rxd7 Kc8 19. Bxc6 bxc6 20. Rxe7 Rxe7 21. Rxe5 Rxe5 22. Bxe5 hxg4 23. hxg4 f6 24. Bd4 a6 25. Bc5 Be4 26. Bf8 g6 27. Bg7 Bf3 28. Bxf6 Bxg4 29. Kc1 Kd7 30. Be5 c5 31. c4 Be6 32. b3 Bf5 33. Kd2 Be4 34. c3 Bf5 35. Bf4 Be4 36. Be3 Kd6 37. b4 cxb4 38. cxb4 Bf5 39. Kc3 Bg4 40. Kd4 Be2 41. a4 Bd1 42. b5 axb5 43. axb5 Kd7 44. Kc5 Bf3 45. Kb4 c6 46. b6 Be4 1/2-1/2

[Event "Modena Province-ch"]
[Site "Modena"]
[Date "2009.12.11"]
[Round "1"]
[White "Zuccaro, Guido"]
[Black "Sciortino, Massimo"]
[Result "0-1"]
[WhiteElo "1765"]
[BlackElo "2179"]
[PlyCount "59"]
[EventDate "2009.12.11"]
[EventType "swiss"]
[EventRounds "5"]
[EventCountry "ITA"]
[SourceTitle "EXT 2012"]
[Source "ChessBase"]
[SourceDate "2011.11.24"]
[SourceVersion "1"]
[SourceVersionDate "2011.11.24"]
[SourceQuality "1"]

1. c4 e5 2. Nc3 d6 3. g3 f5 4. Bg2 Nf6 5. d3 Be7 6. e4 0-0 7. Nge2 Qe8 8. exf5 Nc6 9. Nd5 Bd8 10. 0-0 Bxf5 11. Nec3 Kh8 12. b4 Qg6 13. b5 Nd4 14. Nxf6 Bxf6 15. Ne4 Rae8 16. Bb2 Be7 17. Bxd4 exd4 18. Qd2 c6 19. Qa5 d5 20. cxd5 cxd5 21. Nd2 Bxd3 22. Rfd1 Bc5 23. Re1 Bb6 24. Qb4 Qf6 25. Nf3 Be4 26. Nh4 Qxf2+ 27. Kh1 Bxg2+ 28. Nxg2 Rxe1+ 29. Qxe1 Qxe1+ 30. Rxe1 0-1

[Event "Mirandola Giovanni Pico op 2nd"]
[Site "Mirandola"]
[Date "2009.01.11"]
[Round "4"]
[White "Bertani, Gianfranco"]
[Black "Sciortino, Massimo"]
[Result "0-1"]
[WhiteElo "2100"]
[BlackElo "2196"]
[PlyCount "110"]
[EventDate "2009.01.09"]
[EventType "swiss"]
[EventRounds "5"]
[EventCountry "ITA"]
[SourceTitle "EXT 2011"]
[Source "ChessBase"]
[SourceDate "2010.11.26"]
[SourceVersion "1"]
[SourceVersionDate "2010.11.26"]
[SourceQuality "1"]

1. Nf3 Nf6 2. d4 g6 3. Bg5 Bg7 4. e3 Ne4 5. Bf4 d5 6. Bd3 0-0 7. Nbd2 Nxd2 8. Nxd2 c5 9. c3 b6 10. Qe2 Nc6 11. Bg3 Bb7 12. f4 Qd7 13. h4 e6 14. h5 Ne7 15. 0-0-0 Rfc8 16. Nf3 c4 17. Bc2 b5 18. Ng5 a5 19. hxg6 hxg6 20. Rh2 f6 21. Nf3 Kf7 22. Nh4 Rh8 23. Rdh1 Rh6 24. Nxg6 Rxg6 25. Bxg6+ Nxg6 26. Rh7 Rh8 27. Qg4 Rxh7 28. Rxh7 Qe8 29. Bh4 Kg8 30. Qh5 Qf7 31. Bf2 Nf8 32. Qxf7+ Kxf7 33. Rh1 Ng6 34. Kd2 Ne7 35. b3 Nc6 36. Rb1 cxb3 37. Rxb3 Ba6 38. g4 Kg6 39. a4 b4 40. cxb4 axb4 41. e4 dxe4 42. f5+ Kf7 43. Ke3 Bc4 44. Rb2 Bd3 45. Bg3 Bf8 46. Rh2 exf5 47. gxf5 Na5 48. d5 Bc5+ 49. Kf4 Kg7 50. Kg4 Nc4 51. a5 b3 52. d6 Nxd6 53. Bxd6 Bxd6 54. Rb2 Bc2 55. a6 Bc5 0-1

[Event "Mirandola Giovanni Pico op 2nd"]
[Site "Mirandola"]
[Date "2009.01.10"]
[Round "3"]
[White "Sciortino, Massimo"]
[Black "Lagrotteria, Salvatore"]
[Result "1/2-1/2"]
[WhiteElo "2196"]
[BlackElo "2215"]
[PlyCount "55"]
[EventDate "2009.01.09"]
[EventType "swiss"]
[EventRounds "5"]
[EventCountry "ITA"]
[SourceTitle "EXT 2011"]
[Source "ChessBase"]
[SourceDate "2010.11.26"]
[SourceVersion "1"]
[SourceVersionDate "2010.11.26"]
[SourceQuality "1"]

1. e4 e6 2. d4 d5 3. Nc3 Bb4 4. e5 c5 5. Bd2 Bxc3 6. Bxc3 b6 7. Qg4 Kf8 8. Nf3 Ne7 9. 0-0-0 a5 10. h4 c4 11. h5 h6 12. Qf4 b5 13. g4 b4 14. Bd2 Nbc6 15. g5 Nf5 16. gxh6 gxh6 17. Bh3 Nce7 18. Rdg1 c3 19. bxc3 bxc3 20. Bxc3 Qc7 21. Bb2 Ba6 22. Bxf5 Nxf5 23. Ba3+ Ke8 24. Bc5 Rc8 25. Qd2 Rb8 26. Rh2 Qb7 27. Qxa5 Be2 28. Qa4+ 1/2-1/2

[Event "Mirandola Giovanni Pico op 2nd"]
[Site "Mirandola"]
[Date "2009.01.09"]
[Round "1"]
[White "Sciortino, Massimo"]
[Black "Zanetto, Marco"]
[Result "1-0"]
[WhiteElo "2196"]
[BlackElo "1815"]
[PlyCount "47"]
[EventDate "2009.01.09"]
[EventType "swiss"]
[EventRounds "5"]
[EventCountry "ITA"]
[SourceTitle "EXT 2011"]
[Source "ChessBase"]
[SourceDate "2010.11.26"]
[SourceVersion "1"]
[SourceVersionDate "2010.11.26"]
[SourceQuality "1"]

1. e4 e6 2. d4 d5 3. Nd2 dxe4 4. Nxe4 Nd7 5. Bd3 Ngf6 6. Qe2 Nxe4 7. Bxe4 c5 8. Nf3 cxd4 9. 0-0 Nf6 10. Bg5 Be7 11. Bd3 0-0 12. Rad1 Qc7 13. Nxd4 Bd7 14. Rfe1 h6 15. Bh4 Rfe8 16. c3 a6 17. Bb1 Bc6 18. Qc2 Bd5 19. Bxf6 Bxf6 20. Qh7+ Kf8 21. Nf5 g6 22. Nxh6 Rac8 23. Rxd5 exd5 24. Qg8# 1-0

[Event "Mirandola Giovanni Pico op 1st"]
[Site "Mirandola"]
[Date "2008.01.13"]
[Round "4"]
[White "Dionigi, Riccardo"]
[Black "Sciortino, Massimo"]
[Result "0-1"]
[WhiteElo "1554"]
[BlackElo "2268"]
[PlyCount "92"]
[EventDate "2008.01.11"]
[EventType "swiss"]
[EventRounds "5"]
[EventCountry "ITA"]
[SourceTitle "EXT 2009"]
[Source "ChessBase"]
[SourceDate "2008.11.26"]
[SourceVersion "1"]
[SourceVersionDate "2008.11.26"]
[SourceQuality "1"]

1. d4 Nf6 2. Nf3 g6 3. Bg5 Bg7 4. e3 0-0 5. c4 d6 6. Nc3 c6 7. Bd3 Qc7 8. 0-0 Nbd7 9. Qc2 e5 10. Rad1 Re8 11. Rfe1 Nf8 12. h3 h6 13. Bh4 Ne6 14. dxe5 dxe5 15. Bf1 a5 16. Rd2 Nh5 17. Ne2 Nc5 18. Ng3 Nf6 19. Bxf6 Bxf6 20. Red1 e4 21. Nd4 Be5 22. Nge2 Nd3 23. Nc3 Nc5 24. Nb3 Na6 25. a3 h5 26. Qb1 Bf5 27. Nd4 Nc5 28. Qc2 Bc8 29. Kh1 f5 30. Na4 Nxa4 31. Qxa4 Qe7 32. b4 Bc7 33. c5 Qe5 34. g3 h4 35. Ne2 hxg3 36. fxg3 Be6 37. Qc2 axb4 38. axb4 g5 39. Qb2 Qxb2 40. Rxb2 Ra3 41. Nd4 Bc8 42. Bc4+ Kg7 43. Rf1 Kg6 44. Nc2 Rc3 45. Ba2 Bxg3 46. Rd1 Be5 0-1

[Event "Correggio op 1st"]
[Site "Correggio"]
[Date "2007.12.07"]
[Round "2"]
[White "Sciortino, Massimo"]
[Black "Caposciutti, Maurizio"]
[Result "1/2-1/2"]
[WhiteElo "2221"]
[BlackElo "2301"]
[PlyCount "50"]
[EventDate "2007.12.07"]
[EventType "swiss"]
[EventRounds "6"]
[EventCountry "ITA"]
[SourceTitle "EXT 2010"]
[Source "ChessBase"]
[SourceDate "2010.11.25"]
[SourceVersion "1"]
[SourceVersionDate "2010.11.25"]
[SourceQuality "1"]

1. e4 c5 2. Nf3 Nc6 3. Nc3 d6 4. d4 cxd4 5. Nxd4 Nf6 6. Bc4 Qb6 7. Nb3 e6 8. Be3 Qc7 9. 0-0 a6 10. a4 b6 11. f4 Be7 12. Be2 Bb7 13. Bf3 0-0 14. Qd2 Nb4 15. a5 b5 16. Bb6 Qc4 17. e5 Nfd5 18. Be2 Qc8 19. exd6 Bxd6 20. Nxd5 Nxd5 21. Bd4 Qc7 22. g3 Rad8 23. Rf3 Rd7 24. c3 Rfd8 25. Rc1 Ne7 1/2-1/2

[Event "Crikvenica"]
[Site "Crikvenica"]
[Date "2007.10.19"]
[Round "8"]
[White "Lovric, Branko"]
[Black "Sciortino, Massimo"]
[Result "1/2-1/2"]
[WhiteElo "2322"]
[BlackElo "2222"]
[PlyCount "35"]
[EventDate "2007.10.15"]
[EventType "tourn"]
[EventRounds "9"]
[EventCountry "CRO"]
[EventCategory "1"]
[SourceTitle "EXT 2008"]
[Source "ChessBase"]
[SourceDate "2007.11.25"]
[SourceVersion "1"]
[SourceVersionDate "2007.11.25"]
[SourceQuality "1"]

1. b3 Nf6 2. Bb2 g6 3. e4 d6 4. g3 Bg7 5. Bg2 0-0 6. Ne2 c5 7. 0-0 Nc6 8. d4 cxd4 9. Nxd4 Bd7 10. c4 a6 11. Nc3 Qa5 12. Nc2 Rfc8 13. Nd5 Nxd5 14. Bxg7 Nc3 15. Bxc3 Qxc3 16. Ne3 Be6 17. Rc1 Qa5 18. Nd5 1/2-1/2

[Event "Crikvenica"]
[Site "Crikvenica"]
[Date "2007.10.17"]
[Round "5"]
[White "Levar, Nenad"]
[Black "Sciortino, Massimo"]
[Result "0-1"]
[WhiteElo "2181"]
[BlackElo "2222"]
[PlyCount "46"]
[EventDate "2007.10.15"]
[EventType "tourn"]
[EventRounds "9"]
[EventCountry "CRO"]
[EventCategory "1"]
[SourceTitle "EXT 2008"]
[Source "ChessBase"]
[SourceDate "2007.11.25"]
[SourceVersion "1"]
[SourceVersionDate "2007.11.25"]
[SourceQuality "1"]

1. e4 e5 2. Nf3 Nc6 3. Bb5 a6 4. Ba4 Nf6 5. 0-0 Be7 6. Re1 b5 7. Bb3 0-0 8. c3 d6 9. h3 Na5 10. Bc2 c5 11. d4 cxd4 12. cxd4 Bb7 13. b3 Nc6 14. Nbd2 exd4 15. a3 d5 16. Bb2 dxe4 17. Nxe4 Rc8 18. Rc1 Re8 19. Nxd4 Nxd4 20. Bxd4 Bxe4 21. Bxf6 Qxd1 22. Rexd1 Bxc2 23. Rxc2 Bxf6 0-1

[Event "Crikvenica"]
[Site "Crikvenica"]
[Date "2007.10.17"]
[Round "4"]
[White "Sciortino, Massimo"]
[Black "Muslija, Idris"]
[Result "1-0"]
[WhiteElo "2222"]
[BlackElo "2251"]
[PlyCount "53"]
[EventDate "2007.10.15"]
[EventType "tourn"]
[EventRounds "9"]
[EventCountry "CRO"]
[EventCategory "1"]
[SourceTitle "EXT 2008"]
[Source "ChessBase"]
[SourceDate "2007.11.25"]
[SourceVersion "1"]
[SourceVersionDate "2007.11.25"]
[SourceQuality "1"]

1. e4 c5 2. Nf3 e6 3. d4 cxd4 4. Nxd4 Nf6 5. Nc3 d6 6. g4 a6 7. g5 Nfd7 8. Be3 Be7 9. Rg1 Nc6 10. h4 0-0 11. Qh5 Qc7 12. 0-0-0 b5 13. Kb1 b4 14. Na4 Bb7 15. Bd3 Nxd4 16. Bxd4 e5 17. Be3 g6 18. Qg4 Rfd8 19. h5 Bf8 20. hxg6 hxg6 21. Rh1 Bg7 22. Qh4 Nc5 23. Nxc5 dxc5 24. Bc4 Rd6 25. f3 Qd7 26. Qh7+ Kf8 27. Bxc5 1-0

[Event "Lodi op1 3rd"]
[Site "Livorno"]
[Date "2007.06.23"]
[Round "4"]
[White "Sciortino, Massimo"]
[Black "Mrdja, Milan"]
[Result "1-0"]
[WhiteElo "2254"]
[BlackElo "2367"]
[PlyCount "61"]
[EventDate "2007.06.16"]
[EventType "swiss"]
[EventRounds "6"]
[EventCountry "ITA"]
[SourceTitle "EXT 2010"]
[Source "ChessBase"]
[SourceDate "2010.11.25"]
[SourceVersion "1"]
[SourceVersionDate "2010.11.25"]
[SourceQuality "1"]

1. e4 c5 2. Nf3 d6 3. d4 cxd4 4. Nxd4 Nf6 5. Nc3 a6 6. Bc4 e6 7. Bb3 Be7 8. f4 0-0 9. f5 e5 10. Nde2 Nbd7 11. Bg5 b5 12. Ng3 Bb7 13. Bxf6 Nxf6 14. Nd5 Bxd5 15. Bxd5 Rc8 16. c3 Nxd5 17. Qxd5 Rc5 18. Qb7 a5 19. Rd1 Bh4 20. 0-0 Bxg3 21. hxg3 Qg5 22. Rf3 b4 23. cxb4 Rc1 24. Qd5 Rxd1+ 25. Qxd1 Rc8 26. Kf2 Rc1 27. Rc3 Rxc3 28. bxc3 axb4 29. cxb4 h5 30. Qxd6 h4 31. Qxe5 1-0

[Event "Lodi op 3rd"]
[Site "Lodi"]
[Date "2007.06.09"]
[Round "2"]
[White "Salvador, Roland"]
[Black "Sciortino, Massimo"]
[Result "1-0"]
[WhiteElo "2452"]
[BlackElo "2254"]
[PlyCount "117"]
[EventDate "2007.06.08"]
[EventType "swiss"]
[EventRounds "5"]
[EventCountry "ITA"]
[SourceTitle "EXT 2010"]
[Source "ChessBase"]
[SourceDate "2010.11.25"]
[SourceVersion "1"]
[SourceVersionDate "2010.11.25"]
[SourceQuality "1"]

1. d4 f5 2. g3 Nf6 3. c4 e6 4. Bg2 Be7 5. Nh3 0-0 6. 0-0 d6 7. Nc3 Qe8 8. e4 Nxe4 9. Nxe4 fxe4 10. Bxe4 Nc6 11. Qd3 e5 12. Bxh7+ Kh8 13. Bg6 Qd7 14. Ng5 Bxg5 15. Bxg5 Nxd4 16. f4 Qg4 17. Rf2 Bf5 18. Bxf5 Qxf5 19. Qxf5 Rxf5 20. g4 Rf7 21. f5 e4 22. Re1 Nf3+ 23. Rxf3 exf3 24. Kf2 Kg8 25. h4 Rd7 26. h5 c6 27. Re6 d5 28. c5 Rf8 29. Kxf3 Kf7 30. h6 gxh6 31. Rxh6 Kg8 32. Bf6 Rh7 33. Rg6+ Kf7 34. Be5 Re8 35. Kf4 Kf8 36. Rd6 Rhe7 37. Rf6+ Kg8 38. Bd6 Re4+ 39. Kg5 Kg7 40. Rg6+ Kf7 41. Kh4 Rg8 42. Rxg8 Kxg8 43. Kg3 Kf7 44. g5 Re2 45. Kf3 Re4 46. Bb8 Re8 47. Bf4 d4 48. b4 d3 49. Be3 Re5 50. g6+ Kg8 51. Kf4 Rd5 52. Bd2 b6 53. f6 Rd4+ 54. Kf5 Rd5+ 55. Ke6 Rh5 56. f7+ Kf8 57. Kf6 Rf5+ 58. Kxf5 Kg7 59. Bc3+ 1-0

[Event "Cattolica op-B 3rd"]
[Site "Cattolica"]
[Date "2007.05.12"]
[Round "3"]
[White "D'Innocente, Stefano"]
[Black "Sciortino, Massimo"]
[Result "1/2-1/2"]
[WhiteElo "2261"]
[BlackElo "2254"]
[PlyCount "32"]
[EventDate "2007.05.11"]
[EventType "swiss"]
[EventRounds "5"]
[EventCountry "ITA"]
[SourceTitle "EXT 2024"]
[Source "ChessBase"]
[SourceDate "2023.10.10"]
[SourceVersion "1"]
[SourceVersionDate "2023.10.10"]
[SourceQuality "1"]

1. e4 e5 2. Nf3 Nc6 3. Bb5 Nge7 4. c3 g6 5. d4 exd4 6. cxd4 d5 7. exd5 Nxd5 8. 0-0 Bg7 9. Re1+ Be6 10. Bxc6+ bxc6 11. Bg5 Qb8 12. Nc3 Nxc3 13. bxc3 0-0 14. Ne5 Qb5 15. Be7 Rfe8 16. Bc5 Bd5 1/2-1/2

[Event "Verona op 12th"]
[Site "Verona"]
[Date "2006.01.07"]
[Round "7"]
[White "Fuggetta, Leonardo"]
[Black "Sciortino, Massimo"]
[Result "1-0"]
[WhiteElo "2068"]
[BlackElo "2273"]
[PlyCount "113"]
[EventDate "2006.01.02"]
[EventType "swiss"]
[EventRounds "9"]
[EventCountry "ITA"]
[SourceTitle "CBM 110 Extra"]
[Source "ChessBase"]
[SourceDate "2006.03.10"]
[SourceVersion "2"]
[SourceVersionDate "2006.03.10"]
[SourceQuality "1"]

1. c4 Nf6 2. Nc3 e6 3. g3 d5 4. Bg2 d4 5. Ne4 c5 6. d3 Be7 7. Nf3 Nxe4 8. dxe4 Nc6 9. 0-0 e5 10. Ne1 Be6 11. b3 g5 12. Nd3 h5 13. e3 Qd7 14. exd4 cxd4 15. f4 gxf4 16. gxf4 Bg4 17. Qe1 f6 18. h4 Rg8 19. fxe5 fxe5 20. Bg5 Bxg5 21. hxg5 0-0-0 22. Qh4 Rdf8 23. b4 Qe7 24. Rxf8+ Rxf8 25. c5 Kb8 26. b5 Nd8 27. Rc1 Nf7 28. c6 Rc8 29. Bh3 Bxh3 30. Qxh3 Qxg5+ 31. Kh1 Qg4 32. Qxg4 hxg4 33. Rc5 bxc6 34. bxc6 Re8 35. Rb5+ Kc8 36. Kg2 Rh8 37. Nxe5 Rh5 38. Nxf7 Rxb5 39. Nd6+ Kc7 40. Nxb5+ Kxc6 41. Nxd4+ Kd6 42. Nf5+ Ke5 43. Ng3 a6 44. Kf2 Kf4 45. Kg2 Ke5 46. Kf1 a5 47. a4 Kd4 48. Kf2 Kc4 49. Ne2 Kb4 50. Kg3 Kxa4 51. Kxg4 Kb5 52. Kf5 Kc6 53. Kf6 Kd7 54. e5 Ke8 55. Nc3 Kf8 56. e6 Ke8 57. e7 1-0

[Event "Verona op 12th"]
[Site "Verona"]
[Date "2006.01.05"]
[Round "5"]
[White "Sciortino, Massimo"]
[Black "Bertani, Gianfranco"]
[Result "0-1"]
[WhiteElo "2273"]
[BlackElo "2116"]
[PlyCount "110"]
[EventDate "2006.01.02"]
[EventType "swiss"]
[EventRounds "9"]
[EventCountry "ITA"]
[SourceTitle "CBM 110 Extra"]
[Source "ChessBase"]
[SourceDate "2006.03.10"]
[SourceVersion "2"]
[SourceVersionDate "2006.03.10"]
[SourceQuality "1"]

1. Nf3 c5 2. e4 Nc6 3. d4 cxd4 4. Nxd4 Nf6 5. Nc3 d6 6. f3 e6 7. Be3 Be7 8. Qd2 0-0 9. 0-0-0 a6 10. g4 Qc7 11. Kb1 b5 12. g5 Nd7 13. h4 Bb7 14. h5 Nde5 15. Qg2 Nxd4 16. Bxd4 Rac8 17. f4 b4 18. Na4 Nf3 19. Nb6 Qxc2+ 20. Qxc2 Rxc2 21. Bxg7 Rd2 22. Rxd2 Nxd2+ 23. Kc1 Kxg7 24. h6+ Kh8 25. Kxd2 Bxe4 26. Rg1 a5 27. Bd3 Bg6 28. Rc1 d5 29. Nd7 Ra8 30. Rc6 a4 31. Nb6 Rd8 32. Bxg6 hxg6 33. Rc7 Re8 34. Nxa4 e5 35. fxe5 Bxg5+ 36. Kd3 Rxe5 37. Rxf7 Bxh6 38. Rb7 Bf8 39. Nb6 Rf5 40. Nd7 Be7 41. Nb6 Bc5 42. Na4 Bf8 43. Rd7 Bg7 44. Kc2 g5 45. Nb6 Rf2+ 46. Kd3 d4 47. Nc4 g4 48. Rd5 Bf6 49. Rh5+ Kg7 50. Rh1 Kg6 51. a4 bxa3 52. bxa3 Kf5 53. Nd2 g3 54. Rg1 Bg5 55. Ne4 Rf3+ 0-1

[Event "Bergamo op 4th"]
[Site "Bergamo"]
[Date "2005.07.31"]
[Round "5"]
[White "Sciortino, Massimo"]
[Black "Regorda, Massimiliano"]
[Result "1-0"]
[WhiteElo "2294"]
[BlackElo "1802"]
[PlyCount "67"]
[EventDate "2005.07.29"]
[EventType "swiss"]
[EventRounds "6"]
[EventCountry "ITA"]
[SourceTitle "EXT 2007"]
[Source "ChessBase"]
[SourceDate "2006.11.23"]
[SourceVersion "1"]
[SourceVersionDate "2006.11.23"]
[SourceQuality "1"]

1. Nf3 d5 2. d4 e6 3. c4 Be7 4. Nc3 Nf6 5. cxd5 exd5 6. Bg5 0-0 7. e3 c6 8. Bd3 Bg4 9. Qc2 h6 10. h4 Nbd7 11. Nd2 c5 12. f3 cxd4 13. exd4 Be6 14. 0-0-0 a5 15. g4 Qb6 16. Be3 Rfc8 17. g5 Nh5 18. gxh6 g6 19. Ndb1 a4 20. Bxg6 fxg6 21. Qxg6+ Kh8 22. Qxh5 a3 23. Rh2 axb2+ 24. Rxb2 Rxc3+ 25. Nxc3 Ba3 26. Rdd2 Qa5 27. Nd1 Rc8+ 28. Kb1 Bxb2 29. Rxb2 Qa4 30. f4 Bf5+ 31. Ka1 Be4 32. Nc3 Rxc3 33. Qe8+ Kh7 34. Qf7+ 1-0

[Event "Salsomaggiore Terme op"]
[Site "Salsomaggiore Terme"]
[Date "2005.06.22"]
[Round "5"]
[White "Sciortino, Massimo"]
[Black "Foglia, Maurizio"]
[Result "1-0"]
[WhiteElo "2306"]
[BlackElo "2089"]
[PlyCount "117"]
[EventDate "2005.06.04"]
[EventType "swiss"]
[EventRounds "6"]
[EventCountry "ITA"]
[SourceTitle "EXT 2006"]
[Source "ChessBase"]
[SourceDate "2005.11.24"]
[SourceVersion "1"]
[SourceVersionDate "2005.11.24"]
[SourceQuality "1"]

1. e4 Nf6 2. e5 Nd5 3. c4 Nb6 4. d4 d6 5. exd6 cxd6 6. Nc3 g6 7. Bd3 Bg7 8. Nge2 Nc6 9. Be3 0-0 10. 0-0 Nb4 11. b3 Nxd3 12. Qxd3 Bf5 13. Qd2 Re8 14. d5 Nd7 15. Nd4 Ne5 16. Nxf5 gxf5 17. f3 Kh8 18. Rad1 Rg8 19. Nb5 a6 20. Nd4 Qd7 21. Qc2 e6 22. dxe6 fxe6 23. Kh1 Qe7 24. Rfe1 Rae8 25. Ne2 Nf7 26. Nf4 Be5 27. Nh3 Rg6 28. Re2 Qh4 29. f4 Bg7 30. Rd3 e5 31. Bf2 Qg4 32. Rg3 Qh5 33. fxe5 Rxe5 34. Rge3 Qg4 35. Bg3 Rxe3 36. Rxe3 Be5 37. Bxe5+ dxe5 38. Rg3 Qh5 39. Rf3 f4 40. Qe4 Qg4 41. Rd3 b6 42. Nf2 Qh5 43. Rh3 Qg5 44. Qf3 Kg7 45. Ne4 Qd8 46. Qd3 Qe7 47. Rf3 a5 48. a4 Nd6 49. Rf1 Nxe4 50. Qxe4 Rd6 51. Re1 Kf6 52. h3 Rd4 53. Qc6+ Qe6 54. Qb7 Kg6 55. Qf3 Qf5 56. Qc6+ Qf6 57. Qe8+ Kg7 58. Qxe5 Qxe5 59. Rxe5 1-0

[Event "Salsomaggiore Terme op"]
[Site "Salsomaggiore Terme"]
[Date "2005.06.20"]
[Round "2"]
[White "Capata, Ion"]
[Black "Sciortino, Massimo"]
[Result "1/2-1/2"]
[WhiteElo "2096"]
[BlackElo "2306"]
[PlyCount "116"]
[EventDate "2005.06.04"]
[EventType "swiss"]
[EventRounds "6"]
[EventCountry "ITA"]
[SourceTitle "EXT 2006"]
[Source "ChessBase"]
[SourceDate "2005.11.24"]
[SourceVersion "1"]
[SourceVersionDate "2005.11.24"]
[SourceQuality "1"]

1. e4 e5 2. Nf3 Nc6 3. Bc4 Nf6 4. d3 Bc5 5. c3 a6 6. b4 Ba7 7. 0-0 d6 8. h3 Be6 9. Qb3 Qe7 10. a4 b5 11. Bd5 Kd7 12. Na3 Nd8 13. axb5 axb5 14. Be3 Bxe3 15. fxe3 Rb8 16. c4 c6 17. Bxe6+ Nxe6 18. cxb5 cxb5 19. Rfc1 Rhc8 20. Rxc8 Kxc8 21. Nc2 Qb7 22. Ra5 Ne8 23. Na3 N8c7 24. Qc2 Kd7 25. d4 f6 26. Qd3 Ke7 27. Nb1 Ra8 28. Rxa8 Nxa8 29. Nc3 Nec7 30. Nd2 Nb6 31. dxe5 fxe5 32. Nxb5 Nc8 33. Nxc7 Qxc7 34. Nc4 Qb7 35. Qd5 Qxb4 36. Qg8 Kd7 37. Qxg7+ Ne7 38. Qg4+ Kc7 39. Qe2 Qb1+ 40. Qf1 Qxe4 41. Qf7 Qb1+ 42. Kh2 Kd7 43. Qf6 Qb4 44. Qf1 Ke6 45. Qd3 d5 46. Nd2 e4 47. Qa6+ Qd6+ 48. Qxd6+ Kxd6 49. g4 Ke5 50. Kg3 Nc6 51. Nb3 Nb4 52. Nd4 Nd3 53. h4 Nc5 54. Nc6+ Kd6 55. Nd4 Nd7 56. g5 Ke5 57. Kg4 Nf8 58. Kh5 Ng6 1/2-1/2

[Event "Lodi op 1st"]
[Site "Lodi"]
[Date "2005.06.11"]
[Round "2"]
[White "Sciortino, Massimo"]
[Black "Mrdja, Milan"]
[Result "1-0"]
[WhiteElo "2306"]
[BlackElo "2373"]
[PlyCount "67"]
[EventDate "2005.06.10"]
[EventType "swiss"]
[EventRounds "5"]
[EventCountry "ITA"]
[SourceTitle "EXT 2007"]
[Source "ChessBase"]
[SourceDate "2006.11.23"]
[SourceVersion "1"]
[SourceVersionDate "2006.11.23"]
[SourceQuality "1"]

1. e4 g6 2. d4 Bg7 3. Nc3 d6 4. f4 a6 5. Nf3 Nd7 6. Bd3 c5 7. Be3 b5 8. e5 Bb7 9. 0-0 e6 10. Ne4 Bxe4 11. Bxe4 d5 12. Bd3 c4 13. Be2 Ne7 14. Qe1 Nf5 15. Bd2 h5 16. g3 Qb6 17. Ba5 Qa7 18. Qd2 Bf8 19. c3 Nb8 20. Bb4 Bxb4 21. cxb4 Nc6 22. Rfd1 a5 23. bxa5 Qxa5 24. Kf2 Ke7 25. a3 Qxd2 26. Rxd2 b4 27. Bd1 Rhb8 28. Bc2 bxa3 29. bxa3 Nfxd4 30. Nxd4 Nxd4 31. Rxd4 Rb2 32. Rd2 c3 33. Re2 Rab8 34. Ke3 1-0

[Event "Lodi op 1st"]
[Site "Lodi"]
[Date "2005.06.10"]
[Round "1"]
[White "Bressanelli, Roberto"]
[Black "Sciortino, Massimo"]
[Result "1/2-1/2"]
[WhiteElo "2086"]
[BlackElo "2306"]
[PlyCount "150"]
[EventDate "2005.06.10"]
[EventType "swiss"]
[EventRounds "5"]
[EventCountry "ITA"]
[SourceTitle "EXT 2007"]
[Source "ChessBase"]
[SourceDate "2006.11.23"]
[SourceVersion "1"]
[SourceVersionDate "2006.11.23"]
[SourceQuality "1"]

1. e4 d6 2. d4 Nf6 3. Nc3 g6 4. Nf3 Bg7 5. h3 0-0 6. Be3 a6 7. Bd3 b5 8. a3 Bb7 9. 0-0 Nbd7 10. Re1 c5 11. Qd2 c4 12. e5 Ne8 13. Be4 Bxe4 14. Nxe4 dxe5 15. Rad1 exd4 16. Bxd4 Ndf6 17. Qf4 Nh5 18. Qe3 Qb8 19. Bc5 Qc7 20. b4 cxb3 21. cxb3 Rc8 22. b4 Nf4 23. Bb6 Qb7 24. Nc5 Qxb6 25. Qxf4 Rxc5 26. bxc5 Qxc5 27. Qb4 Qxb4 28. axb4 e6 29. Ne5 Nf6 30. Nd7 Nxd7 31. Rxd7 Ra8 32. Rc1 Bf8 33. Rcc7 a5 34. bxa5 Rxa5 35. Rb7 b4 36. Rd8 Kg7 37. Rdd7 Rf5 38. Kf1 h5 39. f3 g5 40. Ke2 h4 41. Kd1 Kg6 42. Rd8 Bc5 43. Rb5 Be7 44. Rxf5 Kxf5 45. Rd7 Kf6 46. Ke2 e5 47. Kd3 Ke6 48. Rb7 f5 49. Rb6+ Bd6 50. Rb5 Kd7 51. Rb7+ Ke6 52. Rb5 Be7 53. Rb6+ Kd5 54. Rb7 e4+ 55. Ke2 Bd6 56. Rd7 exf3+ 57. gxf3 Ke6 58. Rg7 Kf6 59. Rg8 Be7 60. Kd3 Kf7 61. Rb8 Ke6 62. Rb5 Bd6 63. Kc2 Kf6 64. Kd3 Bf8 65. Kc2 Be7 66. Kd3 Ke6 67. Kc2 f4 68. Kd3 Kd7 69. Kc4 Kc6 70. Rf5 Kd7 71. Rb5 Ke6 72. Rd5 Bf6 73. Rb5 Be7 74. Rd5 Bf6 75. Rb5 Be7 1/2-1/2